000 00737nam a2200217Ia 4500
001 17073
003 GE_BSU
008 181216s||||||||xx |||||||||||||| ||und||
040 _cGE_BSU
080 _a82-93:821.353.1-1 + 82-93:821.353.1-11
100 _aაბაშიძე, ი.
245 _aსაბავშვო ლექსები და პოემები
245 _cრედ.ა.გაბესკირია
260 _aთბილისი
260 _bსაბლიტგამი
260 _c1953
300 _a260გვ. ; 23სმ.
653 _aლექსები, პოემები
653 _aსაბავშვო ლექსები და პოემები
942 _cBK
999 _c50135
_d50135